书目信息 |
| 题名: |
电脑常见故障急救手册
|
|
| 作者: | 苏瑞 编著 | |
| 分册: | ||
| 出版信息: | 北京 清华大学出版社 2001.10 |
|
| 页数: | 285页 | |
| 开本: | 26cm | |
| 丛书名: | ||
| 单 册: | ||
| 中图分类: | TP306.3-62 | |
| 科图分类: | ||
| 主题词: | 计算技术 , 电子计算机 | |
| 电子资源: | ||
| ISBN: | 7-302-04858-4 | |
| 000 | 00606nam0 2200205 45 | |
| 001 | 0235904622 | |
| 005 | 2002052009582462 | |
| 010 | @a7-302-04858-4@b压膜@dRMB 28.00 | |
| 100 | @a20020520d2001 km y0chiy0120 ea | |
| 101 | 0 | @achi |
| 102 | @aCN@b110000 | |
| 200 | 1 | @a电脑常见故障急救手册@Adian nao chang jian gu zhang ji jiu shou ce@f苏瑞等编著@Fsu rui deng bian zhu |
| 210 | @a北京@c清华大学出版社@d2001.10 | |
| 215 | @a285页@d26cm | |
| 606 | 0 | @a计算技术 |
| 606 | 0 | @a电子计算机 |
| 690 | @aTP306.3-62@v3 | |
| 701 | 0 | @a苏瑞@Asu rui@4编著 |
| 801 | 0 | @aCN@bPFT@c20020520 |
| 905 | @a10447@dTP306.3-62@eS854 | |
| 电脑常见故障急救手册/苏瑞等编著.-北京:清华大学出版社,2001.10 |
| 285页;26cm |
| ISBN 7-302-04858-4(压膜):RMB 28.00 |
| ● |
| 相关链接 |
|
|
|
正题名:电脑常见故障急救手册
索取号:TP306.3-62/S854
 
预约/预借
| 序号 | 登录号 | 条形码 | 馆藏地/架位号 | 状态 | 备注 |
| 1 | 354523 | 203545235 | 自科库301/301自科库 46排2列2层/ [索取号:TP306.3-62/S854] | 在馆 | |
| 2 | 354524 | 203545244 | 自科库301/301自科库 46排2列2层/ [索取号:TP306.3-62/S854] | 在馆 |